Hukum & intisari perkahwinan yang mesti tahu

Bibliographic Details
Main Author: Abdul Aziz Ismail
Format: Book
Published: Kuala Lumpur : Mulia Terang Sdn. Bhd. , 2010
Subjects:

MARC

LEADER 00000cam a2200000 7i4500
001 0000153704
005 20111220.0
020 |a 9789834486860 
090 0 0 |a 297.577   |b ABD 
100 0 |a Abdul Aziz Ismail 
245 1 0 |a Hukum & intisari perkahwinan yang mesti tahu   |c Abdul Aziz Ismail 
260 |a Kuala Lumpur :   |b Mulia Terang Sdn. Bhd. ,   |c 2010 
300 |a 295p. ;   |c 21cm. 
650 0 0 |a Marriage   |x Religious aspects   |x Islam 
999 |a 00252386   |b BUKU   |c PINJAMAN   |e PERPUSTAKAAN KOMUNITI PETALING JAYA